Strategickými akvizicemi k inovačnímu úspěchu?

Model strategického akvizičného a integračného manažmentu. Akvizičný a integračný proces. Hľadiská optimalizovanej integrácie. Akvizícia zodpovedajúca potrebám podniku. Vplyv fáz a úrovní integrácie na jej pokrok.

Salvato in:
Dettagli Bibliografici
Autore principale: Bannert, V.
Altri autori: Trauffler, G., Tschirky, H.
Natura: Capitolo di libro
Lingua:ceco
Soggetti:
Tags: Aggiungi Tag
Nessun Tag, puoi essere il primo ad aggiungerne!!

MARC

LEADER 00000naa$a2200000$$$4500
001 0030683
005 20231106122015.5
041 0 |a cze 
044 |a CZ 
245 1 0 |a Strategickými akvizicemi k inovačnímu úspěchu?  |c V. Bannert, G. Trauffler, H. Tschirky 
520 |a Model strategického akvizičného a integračného manažmentu. Akvizičný a integračný proces. Hľadiská optimalizovanej integrácie. Akvizícia zodpovedajúca potrebám podniku. Vplyv fáz a úrovní integrácie na jej pokrok. 
610 2 0 |a akvizícia 
610 2 0 |a inovácia 
610 2 0 |a manažment strategický 
610 2 0 |a integrácia 
610 2 0 |a podnik 
100 1 |a Bannert, V. 
700 1 |a Trauffler, G. 
700 1 |a Tschirky, H.